000 00429nam a22001457a 4500
020 _qPB.
040 _cFIZZA ISHAQ
082 _a960.1
_bSHE
100 _a Sherman, Dennis.
_9133981
245 _aWestern civilization : sources, images, and interpretations /
_c Dennis Sherman.
250 _a 4th ed. Vol :I , TO 1700
260 _aNew York :
_b McGraw-Hill,
_c1995.
300 _a371 P. ;
_c9.2 x 6.4 inches
942 _2ddc
_cBK
999 _c616897
_d616897